[Event "Sachsen-Anhalt-ch op"]
[Site "Magdeburg"]
[Date "2022.10.29"]
[Round "2"]
[White "Westendorp, Christian"]
[Black "Hoffmann, Siegfried"]
[Result "0-1"]
[WhiteElo "1768"]
[BlackElo "1519"]
[PlyCount "98"]
[EventDate "2022.10.29"]
[EventType "swiss"]
[EventRounds "7"]
[EventCountry "GER"]
[SourceTitle "CBM 211 Extra"]
[Source "ChessBase"]
[SourceDate "2023.01.31"]
[SourceVersion "1"]
[SourceVersionDate "2023.01.31"]
[SourceQuality "1"]

1. d4 d5 2. c4 dxc4 3. Nc3 e6 4. e3 Nf6 5. Bxc4 Be7 6. Nf3 0-0 7. 0-0 b6 8. a4 Nc6 9. Na2 Na5 10. Qe2 Nxc4 11. Qxc4 a5 12. b4 Bb7 13. b5 Bxf3 14. gxf3 Bd6 15. f4 Nd5 16. Nc3 Nxc3 17. Qxc3 Qh4 18. Qc6 f5 19. Qg2 Rac8 20. Qg3 Qh5 21. f3 Rf6 22. Kh1 Rg6 23. Qf2 c5 24. Ba3 Bf8 25. Rac1 c4 26. Bxf8 Kxf8 27. Rg1 Rxg1+ 28. Kxg1 Qf7 29. Qa2 Qc7 30. Rc3 h6 31. Qe2 g5 32. fxg5 hxg5 33. e4 e5 34. dxe5 Qc5+ 35. Kg2 Qd4 36. Qc2 f4 37. Qc1 Ke7 38. Qa3+ Ke6 39. Qc1 Kxe5 40. Qa3 Qd2+ 41. Kg1 Ke6 42. Qc1 Qxc1+ 43. Rxc1 Ke5 44. Rd1 c3 45. Kf1 c2 46. Rc1 Kd4 47. Ke2 Rc3 48. Kd2 Rxf3 49. e5 Rf2+ 0-1

[Event "Prague Summer op-B 8th"]
[Site "Prague"]
[Date "2021.08.08"]
[Round "4"]
[White "Westendorp, Christian"]
[Black "Vorsilka, Jiri"]
[Result "1-0"]
[WhiteElo "1859"]
[BlackElo "1546"]
[PlyCount "85"]
[EventDate "2021.08.06"]
[EventType "swiss"]
[EventRounds "9"]
[EventCountry "CZE"]
[SourceTitle "EXT 2022"]
[Source "ChessBase"]
[SourceDate "2021.10.06"]
[SourceVersion "1"]
[SourceVersionDate "2021.10.06"]
[SourceQuality "1"]

1. d4 Nf6 2. c4 e6 3. Nf3 d5 4. Bg5 Nbd7 5. e3 c6 6. Nbd2 Qa5 7. Bd3 dxc4 8. Bxc4 Ne4 9. Bf4 Bb4 10. a3 Bxd2+ 11. Nxd2 Nxd2 12. Qxd2 Qxd2+ 13. Kxd2 Nb6 14. Ba2 Ke7 15. Rhd1 Nd5 16. Bg3 Nf6 17. f3 b5 18. Rac1 Bb7 19. Bc7 a5 20. e4 Rhc8 21. Bb6 Nd7 22. Bc5+ Nxc5 23. dxc5 b4 24. Ke3 Ba6 25. Rd6 Bb5 26. Bc4 Rc7 27. Bxb5 cxb5 28. Rb6 bxa3 29. bxa3 b4 30. e5 bxa3 31. Kd4 Rd8+ 32. Kc4 Rd2 33. c6 Rb2 34. Kc5 Rc8 35. Rxb2 axb2 36. Rb1 a4 37. Rxb2 a3 38. Rb7+ Kd8 39. Rd7+ Ke8 40. Ra7 Rd8 41. c7 Rc8 42. Kd6 h5 43. Rxa3 1-0

[Event "Heusenstamm Sparkassen op-A 6th"]
[Site "Heusenstamm"]
[Date "2019.11.24"]
[Round "6"]
[White "Pfeffer, Marko"]
[Black "Westendorp, Christian"]
[Result "1-0"]
[WhiteElo "2027"]
[BlackElo "1821"]
[PlyCount "43"]
[EventDate "2019.11.21"]
[EventType "swiss"]
[EventRounds "7"]
[EventCountry "GER"]
[SourceTitle "CBM 194 Extra"]
[Source "ChessBase"]
[SourceDate "2020.03.31"]
[SourceVersion "1"]
[SourceVersionDate "2020.03.31"]
[SourceQuality "1"]

1. c4 Nf6 2. g3 g6 3. Bg2 Bg7 4. Nc3 0-0 5. e4 d6 6. Nge2 c6 7. 0-0 e5 8. d3 Be6 9. h3 d5 10. b3 Na6 11. Ba3 Re8 12. Qc1 d4 13. Na4 Qc8 14. Kh2 Nd7 15. Qd2 Bf8 16. Bxf8 Rxf8 17. f4 f5 18. fxe5 c5 19. exf5 gxf5 20. Nf4 Nxe5 21. Nxe6 Qxe6 22. Bd5 1-0

[Event "Heusenstamm Sparkassen op-A 6th"]
[Site "Heusenstamm"]
[Date "2019.11.22"]
[Round "2"]
[White "Werner, Dimo"]
[Black "Westendorp, Christian"]
[Result "1/2-1/2"]
[WhiteElo "1989"]
[BlackElo "1821"]
[PlyCount "41"]
[EventDate "2019.11.21"]
[EventType "swiss"]
[EventRounds "7"]
[EventCountry "GER"]
[SourceTitle "CBM 194 Extra"]
[Source "ChessBase"]
[SourceDate "2020.03.31"]
[SourceVersion "1"]
[SourceVersionDate "2020.03.31"]
[SourceQuality "1"]

1. d4 Nf6 2. c4 g6 3. Nc3 Bg7 4. e4 d6 5. Be2 0-0 6. Be3 Na6 7. h3 c5 8. d5 e6 9. Nf3 Nc7 10. 0-0 exd5 11. exd5 Re8 12. Bd3 b5 13. Bg5 bxc4 14. Bxc4 h6 15. Be3 Ne4 16. Rc1 Rb8 17. Nxe4 Rxe4 18. b3 Bb7 19. Qd3 Re8 20. Bd2 Bc8 21. Bc3 1/2-1/2

[Event "Gelsenkirchen Silvester op 6th"]
[Site "Gelsenkirchen"]
[Date "2018.12.27"]
[Round "2"]
[White "Westendorp, Christian"]
[Black "Schimnatkowski, Lukas"]
[Result "0-1"]
[WhiteElo "1770"]
[BlackElo "2057"]
[PlyCount "74"]
[EventDate "2018.12.27"]
[EventType "swiss"]
[EventRounds "7"]
[EventCountry "GER"]
[SourceTitle "CBM 188 Extra"]
[Source "ChessBase"]
[SourceDate "2019.02.26"]
[SourceVersion "1"]
[SourceVersionDate "2019.02.26"]
[SourceQuality "1"]

1. d4 c5 2. d5 e5 3. c4 d6 4. Nc3 Nf6 5. Bg5 Be7 6. e4 a6 7. f4 exf4 8. Bxf4 0-0 9. Bd3 Re8 10. Nf3 Nh5 11. Be3 Bf6 12. 0-0 g6 13. Qd2 Nd7 14. g4 Ng7 15. Bh6 Ne5 16. g5 Nxf3+ 17. Rxf3 Be5 18. Raf1 Re7 19. Qg2 Bd7 20. Kh1 Qe8 21. Nd1 b5 22. Ne3 Qc8 23. Qf2 Qe8 24. h3 Rb8 25. b3 Bd4 26. Qh4 Nh5 27. Nf5 Bxf5 28. exf5 bxc4 29. fxg6 hxg6 30. Bxc4 Re4 31. Rf4 Rxf4 32. Rxf4 Nxf4 33. Qxf4 Qe1+ 34. Bf1 Re8 35. Kh2 Re4 36. Qf3 Qd2+ 37. Kh1 Be5 0-1

[Event "Ruhrgebiet Verbandsliga Gruppe 1 1819"]
[Site "Nordrheinwestfalen"]
[Date "2018.10.07"]
[Round "2.8"]
[White "Schroeter, Marco"]
[Black "Westendorp, Christian"]
[Result "1/2-1/2"]
[WhiteElo "1780"]
[BlackElo "1745"]
[PlyCount "104"]
[EventDate "2018.09.23"]
[EventType "team-tourn"]
[EventRounds "9"]
[EventCountry "GER"]
[SourceTitle "EXT 2022"]
[Source "ChessBase"]
[SourceDate "2021.10.06"]
[SourceVersion "1"]
[SourceVersionDate "2021.10.06"]
[SourceQuality "1"]
[WhiteTeam "Erkenschwick II"]
[BlackTeam "Holsterhausen SK"]
[WhiteTeamCountry "GER"]
[BlackTeamCountry "GER"]

1. d4 Nf6 2. Bf4 g6 3. e3 Bg7 4. Bd3 0-0 5. c3 d6 6. Nd2 c5 7. Ngf3 Nbd7 8. 0-0 Nh5 9. Bg5 f5 10. Nh4 Bf6 11. Bc4+ Kh8 12. Ndf3 e5 13. Bxf6+ Qxf6 14. dxe5 dxe5 15. g3 Nb6 16. Be2 f4 17. Qc2 g5 18. Nd2 gxh4 19. Bxh5 Qg5 20. Qd1 Bh3 21. Ne4 Qf5 22. Nd6 Qf6 23. Ne4 Qh6 24. Re1 hxg3 25. fxg3 Qc6 26. exf4 exf4 27. Qd6 Qxd6 28. Nxd6 f3 29. Kf2 Bg2 30. Re5 Nd7 31. Re7 Nf6 32. Bxf3 Bxf3 33. Nf7+ Kg8 34. Nh6+ Kh8 35. Nf7+ Rxf7 36. Rxf7 Ne4+ 37. Ke3 Ng5 38. Rxf3 Nxf3 39. Kxf3 Rd8 40. Re1 Rf8+ 41. Kg2 Rd8 42. Re2 Kg8 43. g4 Kf7 44. h4 Rd3 45. Rf2+ Kg7 46. Rc2 b5 47. Re2 Kf7 48. a3 a5 49. h5 b4 50. cxb4 cxb4 51. axb4 axb4 52. Kf2 Kf6 1/2-1/2

[Event "Solingen Karneval op"]
[Site "Solingen"]
[Date "2012.02.17"]
[Round "1"]
[White "Biedekoepper, Robert"]
[Black "Westendorp, Christian"]
[Result "1-0"]
[WhiteElo "2111"]
[BlackElo "1784"]
[PlyCount "79"]
[EventDate "2012.02.17"]
[EventType "swiss"]
[EventRounds "5"]
[EventCountry "GER"]
[SourceTitle "EXT 2015"]
[Source "ChessBase"]
[SourceDate "2014.11.20"]
[SourceVersion "1"]
[SourceVersionDate "2014.11.20"]
[SourceQuality "1"]

1. d4 Nf6 2. c4 e6 3. Nc3 Bb4 4. Qb3 c5 5. Nf3 Nc6 6. dxc5 Qa5 7. Bd2 Qxc5 8. a3 Bxc3 9. Bxc3 Ne4 10. e3 Nxc3 11. Qxc3 0-0 12. b4 Qh5 13. Be2 d5 14. b5 Ne7 15. c5 f6 16. 0-0 Bd7 17. Qb4 a5 18. Qa4 Rfc8 19. Rfc1 e5 20. Rc3 b6 21. Rac1 bxc5 22. Rxc5 Qe8 23. Qd1 Rxc5 24. Rxc5 a4 25. h3 Ra5 26. Qd2 Qd8 27. Qb4 Qb6 28. Nd2 Be6 29. e4 Ra8 30. Rc1 Kf7 31. exd5 Nxd5 32. Nc4 Qd8 33. Qc5 Nf4 34. Nd6+ Kg8 35. Bc4 Qe7 36. b6 Kf8 37. b7 Rb8 38. Bxe6 Nxe6 39. Qc8+ Rxc8 40. bxc8Q+ 1-0

[Event "Dortmund Sparkassen op-B"]
[Site "Dortmund"]
[Date "2010.07.23"]
[Round "7"]
[White "Westendorp, Christian"]
[Black "Sterin, Andrei"]
[Result "1-0"]
[WhiteElo "1787"]
[BlackElo "1368"]
[PlyCount "83"]
[EventDate "2010.07.17"]
[EventType "swiss"]
[EventRounds "9"]
[EventCountry "GER"]
[SourceTitle "EXT 2014"]
[Source "ChessBase"]
[SourceDate "2013.11.20"]
[SourceVersion "1"]
[SourceVersionDate "2013.11.20"]
[SourceQuality "1"]

1. d4 Nf6 2. c4 g6 3. Nc3 Bg7 4. Bg5 0-0 5. Nf3 d6 6. Qd2 Nbd7 7. Bh6 e5 8. Bxg7 Kxg7 9. dxe5 Nxe5 10. Nxe5 dxe5 11. Qg5 Ng4 12. Qxd8 Rxd8 13. h3 Nh6 14. e4 f5 15. exf5 Bxf5 16. g4 Be6 17. Rd1 c6 18. Ne4 Rxd1+ 19. Kxd1 Rd8+ 20. Kc2 b6 21. b3 Nf7 22. Bg2 c5 23. Rd1 Rxd1 24. Kxd1 Bd7 25. Nc3 Ng5 26. Kd2 Kf6 27. h4 Ne6 28. Nd5+ Kf7 29. g5 Nd4 30. Nf6 Bf5 31. Be4 Bxe4 32. Nxe4 Nf3+ 33. Ke3 Nxh4 34. Nf6 h5 35. Ke4 Ke6 36. Nh7 Nf5 37. Nf8+ Kd6 38. Nxg6 h4 39. Nxe5 h3 40. Nf3 Nh4 41. Nxh4 h2 42. Nf5+ 1-0

[Event "Dortmund Sparkassen op-B"]
[Site "Dortmund"]
[Date "2010.07.19"]
[Round "3"]
[White "Westendorp, Christian"]
[Black "Rohovoy, Dimitrij"]
[Result "0-1"]
[WhiteElo "1787"]
[BlackElo "1990"]
[PlyCount "72"]
[EventDate "2010.07.17"]
[EventType "swiss"]
[EventRounds "9"]
[EventCountry "GER"]
[SourceTitle "EXT 2014"]
[Source "ChessBase"]
[SourceDate "2013.11.20"]
[SourceVersion "1"]
[SourceVersionDate "2013.11.20"]
[SourceQuality "1"]

1. b4 Nf6 2. Bb2 e6 3. a3 d5 4. e3 Bd6 5. c4 c6 6. c5 Bc7 7. Nf3 Nbd7 8. d4 0-0 9. Bd3 b6 10. Nbd2 Re8 11. 0-0 a5 12. Qc2 bxc5 13. dxc5 e5 14. Nh4 Nf8 15. Bf5 g6 16. Bxc8 Rxc8 17. Nhf3 e4 18. Nd4 Ng4 19. g3 Bb8 20. Qc3 Be5 21. N2b3 Qg5 22. h4 Qh6 23. Nxa5 g5 24. Qd2 gxh4 25. Nf5 Qf6 26. Bxe5 Qxf5 27. Bf4 h3 28. Nb7 Ne5 29. Qc3 Qg4 30. Kh2 Nfg6 31. Nd6 Qf3 32. Rg1 Ng4+ 33. Kxh3 Nxf4+ 34. Kh4 Ng6+ 35. Kh3 Re5 36. Qxe5 N6xe5 0-1